Poistný trh a pretrvávanie monopolu

Približovanie slovenskej legislatívy a metodiky v oblasti poisťovníctva k Európskej únii. Stručný prehľad vývoja poisťovníctva od prvej ČSR. Nutnosť kompatibility s úpravou poisťovníctva v EÚ. Pretrvávanie monopolu jednej poisťovne v niektorých oblastiach poistenia.

Guardado en:
Detalles Bibliográficos
Autor principal: Prochotský, F.
Formato: Capítulo de libro
Lenguaje:eslovaco
Materias:
Etiquetas: Agregar Etiqueta
Sin Etiquetas, Sea el primero en etiquetar este registro!

MARC

LEADER 00000naa a2200000 4500
001 r019711
005 20221213095857.3
041 0 |a slo 
044 |a SK 
245 1 0 |a Poistný trh a pretrvávanie monopolu  |c F. Prochotský 
520 |a Približovanie slovenskej legislatívy a metodiky v oblasti poisťovníctva k Európskej únii. Stručný prehľad vývoja poisťovníctva od prvej ČSR. Nutnosť kompatibility s úpravou poisťovníctva v EÚ. Pretrvávanie monopolu jednej poisťovne v niektorých oblastiach poistenia. 
610 2 0 |a Slovensko 
610 2 0 |a Európska únia 
610 2 0 |a 1918-1995 
610 2 0 |a poisťovníctvo 
610 2 0 |a integrácia 
610 2 0 |a trh poistný 
610 2 0 |a legislatíva 
610 2 0 |a metodika 
100 1 |a Prochotský, F.